大阪駅から乗り換え2回以上しないといけない大阪府内の駅 - Statistics

General Stats
  • This quiz has been taken 128 times
    121 since last reset
  • The average score is 10 of 21
Answer Stats
Answer 乗り換え駅(例) % Correct
多奈川 難波、みさき公園
67%
水間観音 難波、貝塚
67%
高師浜 難波、羽衣
66%
信貴山口 鶴橋、河内山本
64%
深日港 難波、みさき公園
64%
深日町 難波、みさき公園
63%
伽羅橋 難波、羽衣
60%
貝塚市役所 難波、貝塚
52%
柏原南口 天王寺、柏原
51%
服部川 鶴橋、河内山本
51%
彩都西 千里中央、
50%
難波、貝塚
43%
近義の里 難波、貝塚
41%
阪大病院前 千里中央、万博記念公園
40%
清児 難波、貝塚
39%
石才 難波、貝塚
37%
公園東口 千里中央、万博記念公園
36%
三ヶ山口 難波、貝塚
36%
三ツ松 難波、貝塚
35%
名越 難波、貝塚
34%
豊川 千里中央、万博記念公園
33%
No matching quizzes found
Score Distribution
Percent of People with Each Score
Percentile by Number Answered
Your Score History
You have not taken this quiz since the last reset